Statistics for Countries of the World - X

Click here to take the quiz!

General Stats

  • This quiz has been taken 18 times
  • The average score is 44 of 196

Answers on the Map

Answers color-coded by a green-red scale on the quiz's map according to % correct below.
 

Answer Stats

Country% Correct
Xcanada
59%
Xmexico
47%
Xunited Xstates
47%
Xbrazil
35%
Xchina
35%
Xargentina
29%
Xchad
29%
Xcosta Xrica
29%
Xdemocratic Xrepublic Xof Xthe Xcongo
29%
Xdenmark
29%
Xfederated Xstates Xof Xmicronesia
29%
Xfrance
29%
Xhaiti
29%
Xhonduras
29%
Xhungary
29%
Xiceland
29%
Xindia
29%
Xjapan
29%
Xluxembourg
29%
Xmalaysia
29%
Xnew Xzealand
29%
Xnorth Xkorea
29%
Xnorway
29%
Xpanama
29%
Xperu
29%
Xsouth Xkorea
29%
Xspain
29%
Xsudan
29%
Xtaiwan
29%
Xuganda
29%
Xunited Xkingdom
29%
Xuruguay
29%
Xyemen
29%
Xafghanistan
24%
Xalbania
24%
Xalgeria
24%
Xandorra
24%
Xangola
24%
Xarmenia
24%
Xaustralia
24%
Xaustria
24%
Xbahamas
24%
Xbelarus
24%
Xbelgium
24%
Xbelize
24%
Xbolivia
24%
Xbosnia Xand Xherzegovina
24%
Xbotswana
24%
Xbulgaria
24%
Xcentral Xafrican Xrepublic
24%
Xchile
24%
Xcolombia
24%
Xcroatia
24%
Xcuba
24%
Xdominican Xrepublic
24%
Xecuador
24%
Xel Xsalvador
24%
Xeritrea
24%
Xethiopia
24%
Xfinland
24%
Xgeorgia
24%
Xgreece
24%
Xguatemala
24%
Xindonesia
24%
Xiran
24%
Xiraq
24%
Xireland
24%
Xisrael
24%
Xitaly
24%
Xjamaica
24%
Xjordan
24%
Xkazakhstan
24%
Xkenya
24%
Xkosovo
24%
Xkuwait
24%
Xkyrgyzstan
24%
Xlaos
24%
Xlatvia
24%
Xlebanon
24%
Xlibya
24%
Xlithuania
24%
Xmadagascar
24%
Xmali
24%
Xmalta
24%
Xmorocco
24%
Xnepal
24%
Xnicaragua
24%
Xniger
24%
Xnigeria
24%
Xnorth Xmacedonia
24%
Xoman
24%
Xpapua Xnew Xguinea
24%
Xparaguay
24%
Xphilippines
24%
Xpoland
24%
Xportugal
24%
Xqatar
24%
Xrepublic Xof Xthe Xcongo
24%
Xromania
24%
Xrussia
24%
Xrwanda
24%
Xsan Xmarino
24%
Xsaudi Xarabia
24%
Xsingapore
24%
Xsomalia
24%
Xsouth Xafrica
24%
Xsouth Xsudan
24%
Xsuriname
24%
Xsweden
24%
Xswitzerland
24%
Xtanzania
24%
Xturkiye
24%
Xukraine
24%
Xunited Xarab Xemirates
24%
Xuzbekistan
24%
Xvatican Xcity
24%
Xvenezuela
24%
Xvietnam
24%
Xzambia
24%
Xzimbabwe
24%
Xantigua Xand Xarbuda
18%
Xazerbaijan
18%
Xbahrain
18%
Xbangladesh
18%
Xbarbados
18%
Xbenin
18%
Xbhutan
18%
Xbrunei
18%
Xburkina Xfaso
18%
Xburundi
18%
Xcambodia
18%
Xcameroon
18%
Xcape Xverde
18%
Xcomoros
18%
Xcyprus
18%
Xczechia
18%
Xdjibouti
18%
Xdominica
18%
Xeast Xtimor
18%
Xegypt
18%
Xequatorial Xguinea
18%
Xestonia
18%
Xeswatini
18%
Xfiji
18%
Xgabon
18%
Xgambia
18%
Xghana
18%
Xgrenada
18%
Xguinea
18%
Xguinea-Xbissau
18%
Xguyana
18%
Xivory Xcoast
18%
Xkiribati
18%
Xlesotho
18%
Xliberia
18%
Xliechtenstein
18%
Xmalawi
18%
Xmaldives
18%
Xmarshall Xislands
18%
Xmauritania
18%
Xmauritius
18%
Xmoldova
18%
Xmonaco
18%
Xmongolia
18%
Xmontenegro
18%
Xmozambique
18%
Xmyanmar
18%
Xnamibia
18%
Xnauru
18%
Xnetherlands
18%
Xpakistan
18%
Xpalau
18%
Xsaint Xkitts Xand Xnevia
18%
Xsaint Xlucia
18%
Xsaint Xvincent Xand Xthe Xgrenadines
18%
Xsamoa
18%
Xsao Xtome Xand Xprincipe
18%
Xsenegal
18%
Xserbia
18%
Xseychelles
18%
Xsierra Xleone
18%
Xslovakia
18%
Xslovenia
18%
Xsolomon Xislands
18%
Xsri Xlanka
18%
Xsyria
18%
Xtajikistan
18%
Xthailand
18%
Xtogo
18%
Xtonga
18%
Xtrinidad Xand Xtobago
18%
Xtunisia
18%
Xturkmenistan
18%
Xtuvalu
18%
Xvanuatu
18%
Xgermanu
12%

Score Distribution

Percentile by Number Answered

Percent of People with Each Score

Your Score History

You have not taken this quiz